[Event "11. OSEM SH 2017"]
[Site "Büsum"]
[Date "2017.09.16"]
[Round "9.33"]
[White "Wolke, Reimund"]
[Black "Scholz, Herbert, Dr."]
[Result "1-0"]
[BlackElo "1873"]
[BlackTeam "PSV Neustadt"]
[WhiteElo "1979"]
[WhiteTeam "Hamburger SK"]

1. e4 d5 2. exd5 Nf6 3. d4 Bg4 4. Nf3 Qxd5 5. Be2 Nc6 6. c4 Qf5 7. Be3 e6 8. O-O
 O-O-O 9. Nc3 Kb8 10. Qa4 Qa5 11. Qd1 Qf5 12. Qb3 Rg8 13. Rfd1 Bd6 14. h3
Bxf3 15. Bxf3 Na5 16. Qa4 b6 17. c5 Bf4 18. Bxf4 Qxf4 19. b4 Rxd4 20. Rxd4 Qxd4
21. Qa3 Nb7 22. Rd1 Qc4 23. Be2 Qf4 24. Qa6 c6 25. cxb6 axb6 26. Qxb6 Qc7 27.
Qe3 Nd5 28. Nxd5 exd5 29. b5 Rd8 30. bxc6 Qxc6 31. Qg3+ Qc7 32. Qxg7 f5 33. Qb2
Rd7 34. Bf3 d4 35. Rxd4 Rxd4 36. Qxd4 Qc1+ 37. Kh2 Qc7+ 38. g3 Nd6 39. Qh8+ Ka7
40. Qd4+ Kb8 41. a4 Nc4 42. Qd5 Qb6 43. Qg8+ Kc7 44. Qxc4+  1-0

[Event "11. OSEM SH 2017"]
[Site "Büsum"]
[Date "2017.09.16"]
[Round "9.34"]
[White "Ehlert, Horst"]
[Black "Wulf, Adalbert"]
[Result "1-0"]
[BlackElo "1823"]
[BlackTeam "SV Ennigerloh-Oelde"]
[WhiteElo "1965"]
[WhiteTeam "SV Laatzen"]

1. c4 d6 2. g3 c6 3. Bg2 e5 4. d4 Be7 5. Nf3 e4 6. Nfd2 f5 7. e3 Nf6 8. Nc3 Na6
9. a3 Nc7 10. b4 Bd7 11. Bb2 d5 12. cxd5 cxd5 13. O-O  O-O  14. Qb3 Kh8
15. b5 Rg8 16. a4 Bd6 17. Ba3 Qe7 18. Bxd6 Qxd6 19. Qa3 Nce8 20. Ne2 g5 21.
Rfc1 Rc8 22. Rxc8 Bxc8 23. Qc5 Qb8 24. Rc1 Bd7 25. Qe7 Qd6 26. Qxd6 Nxd6 27.
Nb3 Nc4 28. Nc5 Bc8 29. Nc3 Nd6 30. a5 Re8 31. Bf1 Re7 32. b6 axb6 33. axb6 h5
34. Nb5 Nxb5 35. Bxb5 f4 36. Nxe4 Nxe4 37. Rxc8+ Kg7 38. Rc7 Kf6 39. Rxe7 Kxe7
40. gxf4 gxf4 41. exf4 Nc3 42. Bc6 Kd6 43. Bxb7 Ne2+ 44. Kf1 Nxd4 45. f5  1-0

[Event "11. OSEM SH 2017"]
[Site "Büsum"]
[Date "2017.09.16"]
[Round "9.35"]
[White "Gebuhr, Günter"]
[Black "Reinke, Kurt"]
[Result "1-0"]
[BlackElo "1793"]
[BlackTeam "SG Benrath"]
[WhiteElo "1961"]
[WhiteTeam "SSV Weimar"]

1. e4 c5 2. Nf3 d6 3. d4 cxd4 4. Nxd4 Nf6 5. Nc3 a6 6. Bg5 e5 7. Nb3 Be6 8. Be2
Nbd7 9. O-O  Be7 10. Qd2 Rc8 11. f3 O-O  12. Rfd1 h6 13. Be3 b5 14. a4
b4 15. Nd5 Nxd5 16. exd5 Bf5 17. Bd3 Bxd3 18. Qxd3 f5 19. Rac1 f4 20. Bf2 a5
21. Qb5 Ra8 22. c3 Nc5 23. Nxc5 dxc5 24. Bxc5 Bxc5+ 25. Qxc5 Rc8 26. Qf2 Qd6
27. c4 Rc5 28. b3 g5 29. Re1 h5 30. Rxe5 Qxe5 31. Qxc5 Qb2 32. Re1 Qxb3 33. d6
Qxa4 34. Qxg5+ Kh8 35. Qxh5+ Kg8 36. Qd5+ Kh8 37. d7  1-0

[Event "11. OSEM SH 2017"]
[Site "Büsum"]
[Date "2017.09.16"]
[Round "9.36"]
[White "Duijker, Bert"]
[Black "Mentink, Toon"]
[Result "1-0"]
[BlackElo "1946"]
[BlackTeam "Stukkenjagers"]
[WhiteElo "1868"]
[WhiteTeam "ASV Arnhem"]

1. Nf3 Nf6 2. c4 d6 3. d4 g6 4. g3 Bg7 5. Bg2 O-O  6. O-O  Nc6 7. Nc3 h6
8. e4 e5 9. d5 Ne7 10. Ne1 c6 11. h3 Nh7 12. Nd3 f5 13. Qe2 c5 14. f4 exf4 15.
gxf4 fxe4 16. Nxe4 Nf5 17. Rb1 Qh4 18. Qg4 Bd4+ 19. Kh2 g5 20. Qxh4 gxh4 21. b4
b6 22. bxc5 bxc5 23. Bb2 Ba6 24. Bxd4 cxd4 25. Nd2 Rae8 26. Nb4 Re2 27. Nxa6
Rxd2 28. Nc7 Ne3 29. Rg1 Nf6 30. Ne6 Rc8 31. Rb7 Nh5 32. c5 dxc5 33. d6 Rxa2
34. d7 Ra8 35. Rc7 Ng3 36. Rc8+ Rxc8 37. dxc8=Q+ Kf7 38. Nd8+ Kg7 39. Qd7+ Kg6
40. Qe6+ Kg7 41. Qxa2 c4 42. Qxa7+  1-0

[Event "11. OSEM SH 2017"]
[Site "Büsum"]
[Date "2017.09.16"]
[Round "9.37"]
[White "Wagner, Ingolf"]
[Black "Muuss, Klaus"]
[Result "1-0"]
[BlackElo "2064"]
[BlackTeam "VSF Flintbek"]
[WhiteElo "1799"]
[WhiteTeam "Gnoiener SV"]

1. d4 c6 2. Nf3 Nf6 3. b3 g6 4. Bb2 Bg7 5. e3 O-O  6. Bd3 d5 7. Nbd2 Bg4 8.
h3 Be6 9. Qe2 a5 10. a4 Na6 11. c3 Nc7  12. O-O  Qc8 13. Ne5 Nce8 14.
Ba3 Nd6 15. Kh2 Re8 16. c4 Nd7 17. f4 f5 18. Ndf3 Ne4 19. cxd5 Bxd5 20. Bc4 e6
21. Nxd7 Qxd7 22. Ne5 Qc7 23. Rac1 Qd8 24. g3 Rc8 25. Rg1 Bxe5 26. fxe5 Rc7 27.
b4 axb4 28. Bxb4 Rg7 29. Bd3 Ng5 30. Rgf1 h5 31. h4 Nf7 32. e4 fxe4 33. Bxe4
Nh6 34. Bd2 Ng4+ 35. Kg1 Qb6 36. Qd3 Nxe5 37. Qe3 Ng4 38. Qd3 Bxe4 39. Qxe4 Qb3
40. Rf3 Qd5 41. Qf4 Qf5 42. Rb3 Qxf4 43. Bxf4 Rd7 44. Kg2 Ra8 45. Rc4 Rad8 46.
a5 Rf8 47. Rcb4 Rff7 48. Ra3 Rf5 49. a6 bxa6 50. Rxa6 c5 51. Rb8+ Kf7 52. Raa8
e5 53. Rf8+ Ke6 54. Rae8+ Kd5 55. Rxf5 gxf5 56. dxe5 Ra7 57. Rd8+ Ke4 58. e6
Ra2+ 59. Bd2 Ne3+ 60. Kh3 Ra1 61. Bxe3 Kf3 62. Kh2 Kxe3 63. e7 Ra2+ 64. Kh3 
1-0

[Event "11. OSEM SH 2017"]
[Site "Büsum"]
[Date "2017.09.16"]
[Round "9.38"]
[White "Neumann, Joachim"]
[Black "Jürgens, Peter"]
[Result "1-0"]
[BlackElo "1893"]
[BlackTeam "SC Tempo Göttingen"]
[WhiteElo "2093"]
[WhiteTeam "SC Agon Neumünster"]

1. c4 Nf6 2. Nc3 e6 3. e4 c5 4. e5 Ng8 5. Nf3 Nc6 6. g3 d6 7. exd6 Bxd6 8. d4
cxd4 9. Nxd4 Nxd4 10. Qxd4 Nf6 11. Bg2 O-O  12. O-O  a6 13. Rd1 Be7 14.
Qxd8 Rxd8 15. Bf4 Kf8 16. Na4 Bd7 17. Bc7 Re8 18. c5 a5 19. c6  1-0

[Event "11. OSEM SH 2017"]
[Site "Büsum"]
[Date "2017.09.16"]
[Round "9.39"]
[White "Lomer, Edmund"]
[Black "Blosze, Winfried"]
[Result "1-0"]
[BlackElo "1871"]
[BlackTeam "SV Großauheim"]
[WhiteElo "2065"]
[WhiteTeam "Eckernförder SC"]

1. Nf3 Nf6 2. g3 c5 3. Bg2 Nc6 4. O-O  g6 5. c4 Bg7 6. d4 cxd4 7. Nxd4 O-O
 8. Nc3 a6 9. h3 Qb6 10. Nb3 d6 11. Bg5 Re8 12. Bxf6 exf6 13. Qxd6 Be6 14.
Nd5 Rad8 15. Qxe6  1-0

[Event "11. OSEM SH 2017"]
[Site "Büsum"]
[Date "2017.09.16"]
[Round "9.40"]
[White "Berenstein, Alexander"]
[Black "Strohbusch, Frank, Dr."]
[Result "1-0"]
[BlackElo "1860"]
[BlackTeam "SK Freising"]
[WhiteElo "1968"]
[WhiteTeam "SV Rendsburg"]

1. e4 e6 2. d4 d5 3. e5 c5 4. c3 Nc6 5. Bb5 Qb6 6. Bxc6+ bxc6 7. Ne2 Ba6 8. Qb3
cxd4 9. Qxb6 axb6 10. Nxd4 c5 11. Nb3 Ne7 12. f4 Nc6 13. Be3 Be7 14. N1d2 O-O
 15. a3 Rfd8 16. Nf3 Bc4 17. Nbd2 Bd3 18. Rc1 Ra4 19. h4 d4 20. cxd4 Nxd4
21. Bxd4 cxd4 22. Rc7 Bc5 23. Ng5 Rf8 24. g4 h6 25. Ngf3 Ba6 26. Ne4 Rc4 27.
Kd1 d3 28. Nfd2 Rc2 29. b4 Bxb4 30. Rxc2 dxc2+ 31. Kxc2 Bxa3 32. Ra1 Bb4 33.
Rxa6 Rc8+ 34. Kd1 Rd8 35. Ra2 Rd3 36. Nf2 Rg3 37. Ke2 Bc5 38. Nde4 Re3+ 39. Kf1
Bb4 40. Kg2 Ba3 41. Nd6 Rb3 42. Nfe4 Kf8 43. Nc4 Bc1 44. Ra8+ Ke7 45. Ra7+ Kf8
46. Ncd6 Rb2+ 47. Kf1 b5 48. Rxf7+ Kg8 49. g5 hxg5 50. Nxg5 Be3 51. Nxe6 Rf2+
52. Ke1 Rg2 53. Rf8+ Kh7 54. Nxb5 Rh2 55. Rf7 Rxh4 56. Rxg7+ Kh8 57. Rf7 Rh2
58. Nd6 Rg2 59. Ne8 Bd2+ 60. Kf1 Rh2  1-0

[Event "11. OSEM SH 2017"]
[Site "Büsum"]
[Date "2017.09.16"]
[Round "9.41"]
[White "Hansch, Klaus-Michael"]
[Black "Armbrüster, Jürgen"]
[Result "1/2-1/2"]
[BlackElo "1961"]
[BlackTeam "SF Katernberg"]
[WhiteElo "1893"]
[WhiteTeam "SC Weisse Dame (Berlin)"]

1. e4 e5 2. d4 exd4 3. c3 d3 4. Bxd3 Nc6 5. Nf3 d6 6. Bg5 Be7 7. Bxe7 Qxe7 8.
O-O  Nf6 9. Nbd2 O-O  10. Qc2 Ne5 11. Nxe5 dxe5 12. Be2 b6 13. Rad1 Bb7
14. Rfe1 Rad8 15. Bf3 Rd7 16. Nf1  1/2-1/2

[Event "11. OSEM SH 2017"]
[Site "Büsum"]
[Date "2017.09.16"]
[Round "9.42"]
[White "Piastowski, Kurt"]
[Black "Flockerzi, Armin"]
[Result "1/2-1/2"]
[BlackElo "1758"]
[BlackTeam "VfR-SC Koblenz"]
[WhiteElo "1940"]
[WhiteTeam "Brühler SK"]

1. d4 d5 2. Nf3 c6 3. Bf4 Nd7 4. e3 e6 5. Nbd2 Qb6 6. Rb1 Ngf6 7. Be2 Bb4 8. c3
Be7 9. Qc2 c5 10. h3 Qc6 11. Rc1 b6 12. a4 c4  13. O-O  Bb7 14. b3 Ba6
15. b4 b5 16. a5 Bb7 17. Ne5 Qc8 18. f3 Nh5 19. Bh2 g6 20. g4 Ng7 21. f4 f5 22.
g5 a6 23. Ndf3 Nxe5 24. dxe5 Kf7  1/2-1/2

[Event "11. OSEM SH 2017"]
[Site "Büsum"]
[Date "2017.09.16"]
[Round "9.43"]
[White "Chmielewski, Axel"]
[Black "Schwetje, Siegfried"]
[Result "1/2-1/2"]
[BlackElo "1930"]
[BlackTeam "SC Bad Salzdetfurth"]
[WhiteElo "1860"]
[WhiteTeam "Volksdorfer SK"]

1. d4 Nf6 2. c4 e6 3. Nf3 d5 4. g3 c5 5. Bg2 dxc4 6. Qa4+ Bd7 7. Qxc4 Bc6 8.
dxc5 Nbd7 9. b4 a5 10. O-O  axb4 11. Rd1 Qa5 12. Bb2 Qxc5 13. Nbd2 Be7 14.
Qxc5 Bxc5 15. Nb3 Bb6 16. a3 O-O  17. axb4 Rfd8 18. Nfd2 Nd5 19. Nc4 Bc7
20. Ba3 Nc3 21. Rd2 Bxg2 22. Kxg2  Nf6 23. Rxd8+ Rxd8 24. e3 Nb5 25. Bb2
Nd5 26. Ra4 b6 27. e4 Ndc3 28. Bxc3 Nxc3 29. Ra7 Rc8 30. f3 e5 31. Kf2 b5 32.
Ne3 Bb6 33. Rb7 Bxe3+ 34. Kxe3 f6 35. Nc5 Na2 36. Nd3 Nc3  1/2-1/2

[Event "11. OSEM SH 2017"]
[Site "Büsum"]
[Date "2017.09.16"]
[Round "9.44"]
[White "Hellwege, Werner"]
[Black "Pantel, Heinrich"]
[Result "1-0"]
[BlackElo "1834"]
[BlackTeam "SK Kaltenkirchen"]
[WhiteElo "1929"]
[WhiteTeam "HSK LTu"]

1. d4 d5 2. c4 c6 3. g3 Nf6 4. Bg2 g6 5. b3 Bg7 6. Bb2 O-O  7. Nc3 Re8 8.
Nf3 Ne4 9. O-O  Nxc3 10. Bxc3 Nd7 11. e4 dxe4 12. Ng5 Nf6 13. Nxe4 Nxe4 14.
Bxe4 c5 15. Qf3 cxd4 16. Rad1 Qb6 17. Ba1 h5 18. Rd3 Rb8 19. Rc1 f5 20. Bd5+ e6
21. c5 Qc7 22. Bc4 Kh7 23. Bxd4 e5 24. Qe2 Bd7 25. Bb2 Bc6 26. b4 a6 27. Rcd1
Re7 28. Rd6 Rbe8 29. Bc1 Bh6 30. Bxh6 Kxh6 31. Qe3+ Kh7 32. Qg5 Rg7 33. Rf6 Rd8
34. Rdd6 Rxd6 35. cxd6 Qd8 36. Bf7 Be8 37. Bxe8 Qxe8 38. Qd2 Rd7 39. Qd5 e4 40.
Re6 Qd8 41. Qe5 Kh6 42. h4 Rg7 43. Kg2 Rd7 44. Re8 Qb6 45. Rh8+ Rh7 46. Rxh7+
Kxh7 47. Qe7+ Kh6 48. d7 Qc6 49. Qg5+ Kg7 50. d8=Q e3+ 51. Kh2  1-0

[Event "11. OSEM SH 2017"]
[Site "Büsum"]
[Date "2017.09.16"]
[Round "9.45"]
[White "Fleischer, Matthias"]
[Black "Nowack, Achim"]
[Result "1-0"]
[BlackElo "1705"]
[BlackTeam "SK Kaltenkirchen"]
[WhiteElo "1926"]
[WhiteTeam "SV Einheit Schwerin"]

1. d4 Nf6 2. Nf3 g6 3. e3 Bg7 4. Bd3 d6 5. Nbd2 Nc6 6. c3 a6 7. O-O  O-O
 8. e4 Nd7 9. Re1 e5 10. d5 Ne7 11. Nf1 Nc5 12. Bc2 Bg4 13. Ne3 Bc8 14. b4
Nd7 15. h4 Nf6 16. Ng5 h6 17. Nf3 Nh5 18. g3 Qd7 19. Bd3 Kh7 20. Bb2 Nf6 21.
Nd2 b5 22. Bf1 Nh5 23. Bg2 f5 24. exf5 Nxf5 25. Nxf5 Qxf5 26. Qe2 Nf6 27. Rad1
Bd7 28. Nf1 Rae8 29. Ne3 Qh5 30. Bf3 Qxf3 31. Qxf3 Ng4 32. Qe4 Nxf2 33. Qc2
Nxd1 34. Qxd1 e4 35. Rf1 h5 36. Rxf8 Rxf8 37. Qc2 Be5 38. Qxe4 Bh3 39. Qh1 Bf5
40. Nxf5 Rxf5 41. Qg2  1-0

[Event "11. OSEM SH 2017"]
[Site "Büsum"]
[Date "2017.09.16"]
[Round "9.46"]
[White "Plewka, Manfred"]
[Black "Zechel, Rolf-Rüdiger"]
[Result "1/2-1/2"]
[BlackElo "1694"]
[BlackTeam "SK Kaltenkirchen"]
[WhiteElo "1925"]
[WhiteTeam "SV Rendsburg"]

1. e4 c5 2. c3 d5 3. Bb5+ Bd7 4. Qa4 dxe4 5. Bxd7+ Qxd7 6. Qxe4 Nf6 7. Qe3 Nc6
8. Ne2 e6 9. O-O  Be7 10. Na3 O-O  11. Nc2 Rad8 12. d4 cxd4 13. cxd4 b6
 1/2-1/2

[Event "11. OSEM SH 2017"]
[Site "Büsum"]
[Date "2017.09.16"]
[Round "9.47"]
[White "Fritsch, Jürgen, Dr."]
[Black "Fleischer, Martin"]
[Result "1-0"]
[BlackElo "1919"]
[BlackTeam "SV Einheit Schwerin"]
[WhiteElo "1831"]
[WhiteTeam "HSK LTu"]

1. d4 e6 2. Nf3 d5 3. Bf4 Bd6 4. e3 Bxf4 5. exf4 Nf6 6. Nbd2 c6 7. Ne5 Nbd7 8.
Bd3 g6 9. c3 a6 10. b4 Nxe5 11. fxe5 Nh5 12. g3 Ng7 13. Nb3 b6 14. O-O  h5
15. Kg2 Bb7 16. a4 Nf5 17. a5 Ra7 18. axb6 Qxb6 19. Ra5 O-O  20. Qd2 Rfa8
21. Qg5 Kf8 22. Nc5 Bc8 23. Na4 Qc7 24. Qf6 Kg8 25. Ra1 Ng7 26. Nc5 Ne8 27. Qf3
Qb6 28. Qe2 Nc7 29. Na4 Qb8 30. Qc2 Nb5 31. Nc5 Qb6 32. h3 Kg7 33. h4 Qd8 34.
f4 Qe8 35. Bxb5 cxb5 36. Qd3 Qe7 37. Qe3 f6 38. exf6+ Qxf6 39. Qe5 Qxe5 40.
fxe5 g5 41. Rf1 gxh4 42. gxh4 Rf7 43. Rxf7+ Kxf7 44. Ra1 Kg6 45. Rf1 a5 46.
Rf6+ Kg7 47. bxa5 Rxa5 48. Nxe6+ Bxe6 49. Rxe6 Ra2+ 50. Kf1 Rc2 51. Rd6 Rxc3
52. Rxd5 b4 53. Ke2 Kf7 54. Kd2 Rh3 55. Rb5 b3 56. d5 Rxh4 57. Rxb3 Rd4+ 58.
Rd3 Rxd3+ 59. Kxd3 h4  1-0

[Event "11. OSEM SH 2017"]
[Site "Büsum"]
[Date "2017.09.16"]
[Round "9.48"]
[White "Auterhoff, Jürgen, Dr."]
[Black "Gerhards, Walter"]
[Result "0-1"]
[BlackElo "1916"]
[BlackTeam "Ratinger SK"]
[WhiteElo "1815"]
[WhiteTeam "SC Pasing"]

1. e4 e5 2. Nf3 Nc6 3. Nc3 d6 4. Bc4 Be7 5. O-O  Bg4 6. h3 Bh5 7. Be2 Nf6 8.
d3 O-O  9. Be3 Nd7 10. Nd5 Bg6 11. c3 f5 12. Nxe7+ Nxe7 13. exf5 Nxf5 14.
Bg5 Qc8 15. g4 Nh6 16. Bxh6 gxh6 17. Nh4 Nc5 18. d4 exd4 19. Qxd4 Ne6 20. Qe3
Nf4 21. Nxg6 hxg6 22. Bd3 Qd7 23. Rfe1 Rae8 24. Qg3 g5 25. Kf1 Qc6 26. Kg1
Rxe1+ 27. Rxe1 Qb6 28. Qe3 Nxh3+ 29. Kh2 Nf4 30. Qxb6 axb6 31. Bc4+ d5 32. Bb3
Kg7 33. Re7+ Rf7 34. Rxf7+ Kxf7 35. Kg3 Kf6 36. Kf3 b5 37. Ke3 Ke5 38. f3 c5
39. Bc2 Ne6 40. Bd3 c4 41. Bc2 Nc5 42. b3 Ne6 43. Bd1 d4+ 44. cxd4+ Nxd4 45.
bxc4 bxc4 46. Ba4 b5 47. Bd1 b4 48. Kd2 Kf4 49. a4 bxa3 50. Kc3 Nxf3 51. Ba4
Kxg4 52. Bd7+ Kf4 53. Be6 Ne5 54. Bd5 Ke3  0-1

[Event "11. OSEM SH 2017"]
[Site "Büsum"]
[Date "2017.09.16"]
[Round "9.49"]
[White "Bendisch, Jürgen, Dr."]
[Black "Neumann, Horst"]
[Result "1/2-1/2"]
[BlackElo "1809"]
[BlackTeam "SG Güls/Niederfell"]
[WhiteElo "1903"]
[WhiteTeam "SV Hennef"]

1. d4 d5 2. Nf3 Nf6 3. Bf4 g6 4. h3 Bg7 5. c3 O-O  6. e3 Nbd7 7. Be2 Ne4 8.
O-O  Re8 9. Nbd2 Ndf6 10. Qc2 Bf5 11. Bd3 Nxd2 12. Nxd2 Bxd3 13. Qxd3 Qd7 
1/2-1/2

[Event "11. OSEM SH 2017"]
[Site "Büsum"]
[Date "2017.09.16"]
[Round "9.50"]
[White "Eberhardt, Michael"]
[Black "Aigner, Georg"]
[Result "0-1"]
[BlackElo "1898"]
[BlackTeam "SC Taufkirchen"]
[WhiteElo "1763"]
[WhiteTeam "SC Agon Neumünster"]

1. Nf3 Nf6 2. c4 e6 3. g3 d5 4. b3 c5 5. Bb2 Nc6 6. e3 d4 7. exd4 cxd4 8. Bg2
Be7 9. O-O  O-O  10. Re1 a5 11. a3 Bc5 12. d3 Re8 13. Nbd2 e5 14. h3
Bf5 15. Qc2 Qd7 16. Kh2 h5 17. Ne4 Bxe4 18. dxe4 Rad8 19. Qd3 Qe7 20. Bc1 Nh7
21. Nh4 g6 22. f4 exf4 23. Bxf4 g5 24. Nf5 Qf6 25. Bd2 Qg6 26. Rf1 Ne5 27. Qe2
Nf6 28. Bxa5 b6 29. Bb4 Bxb4 30. axb4 d3 31. Qf2 Neg4+ 32. hxg4 Nxg4+ 33. Kg1
Nxf2 34. Kxf2 Qf6 35. Bf3 g4 36. Bg2 d2 37. Rfd1 Qc3 38. Bf1 Rxe4 39. Nh6+ Kh7
40. Nxf7 Qf3+ 41. Kg1 Qxg3+ 42. Kh1 Qf3+ 43. Bg2 Qxd1+ 44. Kh2 g3+ 45. Kxg3
Qg4+ 46. Kh2 Qh4+  0-1

[Event "11. OSEM SH 2017"]
[Site "Büsum"]
[Date "2017.09.16"]
[Round "9.51"]
[White "Kronseder, Michael"]
[Black "Wittkugel, Friedhelm"]
[Result "1-0"]
[BlackElo "1941"]
[BlackTeam "SV Kamen"]
[WhiteElo "1724"]
[WhiteTeam "SV Hürth-Berrenrath"]

1. e4 d6 2. Nc3 g6 3. Bc4 Nf6 4. Nf3 Bg7 5. d3 O-O  6. h3 c6 7. a4 e5 8. O-O
 d5 9. Ba2 d4 10. Ne2 Qd6 11. Nh4 Qe7 12. Bg5 Be6 13. Qd2 Bxa2 14. Rxa2 Qe6
15. Raa1 Nfd7 16. f4 f6 17. f5 Qe7 18. fxg6 fxg5 19. Nf5 Rxf5 20. gxh7+ Kxh7
21. Rxf5 Bf6 22. Raf1 Kg6 23. Ng3 Na6 24. h4 gxh4 25. Nh5 Bg5 26. Qe2 Rh8 27.
Rf7 Qe6 28. Rg7+ Kh6 29. Rf5 Be3+ 30. Kh1 Rf8 31. Qg4 Rxf5 32. exf5 Qe8  1-0

[Event "11. OSEM SH 2017"]
[Site "Büsum"]
[Date "2017.09.16"]
[Round "9.52"]
[White "Jung, Michael, Prof."]
[Black "Baerthel, Klaus"]
[Result "1/2-1/2"]
[BlackElo "1938"]
[BlackTeam "Naumburger SV"]
[WhiteElo "1794"]
[WhiteTeam "SV Osnabrück"]

1. c4 Nf6 2. g3 g6 3. Bg2 Bg7 4. Nc3 c5 5. e4 Nc6 6. Nge2 O-O  7. O-O 
d6 8. d3 Rb8 9. h3 Ne8 10. Be3 Nd4 11. Qd2  1/2-1/2

[Event "11. OSEM SH 2017"]
[Site "Büsum"]
[Date "2017.09.16"]
[Round "9.53"]
[White "Schwertel, Johann"]
[Black "Dachrodt, Heinz-Günther"]
[Result "1-0"]
[BlackElo "1734"]
[BlackTeam "Sport Union Annen"]
[WhiteElo "1930"]
[WhiteTeam "SV Koblenz"]

1. d4 Nf6 2. Nf3 g6 3. c3 Bg7 4. Bf4 O-O  5. Nbd2 d6 6. e4 b6 7. Bg3 Bb7 8.
Qc2 Nbd7 9. O-O-O a5 10. e5 Ne8 11. Ne4 d5 12. Neg5 e6 13. Bh4 Qc8 14. Kb1 c5
15. Bd3 h6 16. Nh3 f5 17. exf6 Bxf6 18. Bxg6 Bxh4 19. Bh7+ Kf7 20. Qg6+ Ke7 21.
Nxh4 Rf6 22. Qg4 Nd6 23. Qg7+ Nf7 24. Ng6+ Kd6 25. Ne5 Qh8 26. Nxf7+ Rxf7 27.
Qxf7 Rf8 28. Qg6 Nf6 29. Qg3+ Kc6 30. Bc2 Bc8 31. Rhe1 h5 32. dxc5 bxc5 33.
Ba4+ Kb7 34. Qd6 Qh7+ 35. Bc2 c4  1-0

[Event "11. OSEM SH 2017"]
[Site "Büsum"]
[Date "2017.09.16"]
[Round "9.54"]
[White "Hülle, Gunter"]
[Black "Kluger, Hans-Peter"]
[Result "1/2-1/2"]
[BlackElo "1917"]
[BlackTeam "SK Bad Harzburg"]
[WhiteElo "1794"]
[WhiteTeam "SV Springer Leipzig"]

1. b4 e5 2. Bb2 Bxb4 3. Bxe5 Nf6 4. a3 Ba5 5. e3 Nc6 6. Bb2 d5 7. Nf3 O-O 
8. c4 Bf5 9. cxd5 Nxd5 10. Qb3 Rb8 11. Bc4 Nb6 12. Bb5 Be6 13. Qc2 Ne7 14. Nd4
Bg4 15. Bd3 Ng6 16. O-O  Nd5 17. h3 Bc8 18. f4 c6 19. Bf5 Bb6 20. Kh1 Nde7
21. Bxc8 Rxc8 22. f5 Ne5 23. f6 N7g6 24. fxg7 Kxg7 25. Nf5+ Kh8 26. d4 Nd7 27.
Nd6  1/2-1/2

[Event "11. OSEM SH 2017"]
[Site "Büsum"]
[Date "2017.09.16"]
[Round "9.55"]
[White "Van Dongen, Rob"]
[Black "Schwab, Wolfgang"]
[Result "1/2-1/2"]
[BlackElo "1790"]
[BlackTeam "SV Turm Sankt Augustin"]
[WhiteElo "1907"]
[WhiteTeam "VAS Amsterdam"]

1. d4 c5 2. e3 cxd4 3. exd4 d5 4. c3 Nf6 5. Bf4 e6 6. Nf3 Nc6 7. Bd3 Be7 8. O-O
 a6 9. Re1 b5 10. Nbd2 Nh5 11. Bg3 Nxg3 12. hxg3 O-O  13. Nf1 Bf6 14.
N1h2 g6 15. Ng4 Bg7 16. Nge5 Nxe5 17. Nxe5 Bxe5 18. Rxe5 f6 19. Re3 Ra7 20. f4
Rg7 21. Qc2 f5 22. a4 Rb7 23. axb5 axb5 24. b4 Bd7 25. Ra5 Qc7 26. Re1 Rc8 27.
Rc1 Ra7 28. Rxa7 Qxa7 29. Qb2 Ra8  1/2-1/2

[Event "11. OSEM SH 2017"]
[Site "Büsum"]
[Date "2017.09.16"]
[Round "9.56"]
[White "Schumacher, Helmut"]
[Black "Westphal-Stubbe, Siegbert"]
[Result "1-0"]
[BlackElo "1722"]
[BlackTeam "SG Plöner See"]
[WhiteElo "1890"]
[WhiteTeam "DJK Aufwärts Aachen"]

1. d4 e6 2. e4 b6 3. Bd3 c5 4. c3 Bb7 5. Nf3 cxd4 6. cxd4 a6 7. Nc3 Be7 8. O-O
 Nf6 9. Qe2 d6 10. Bg5 Nbd7 11. Rfd1 O-O  12. Rac1 Re8 13. Bb1 Nf8 14.
Bxf6 Bxf6 15. e5 Be7 16. Ne4 Bxe4 17. Qxe4 d5 18. Qe2 b5 19. Rc6 Qd7 20. Rdc1
Rec8 21. Qc2 Rxc6 22. Qxc6 Qxc6 23. Rxc6 Bd8 24. Bd3 h6 25. Nd2 Nd7 26. f4 g6
27. Nb3 Kf8 28. g4 Ke7 29. f5 gxf5 30. gxf5 exf5 31. Bxf5 a5 32. Bxd7 Kxd7 33.
Rd6+ Ke7 34. Rxd5 a4 35. Nc5 Kf8 36. Kf2 Bg5 37. Ke2 Bc1 38. Nd3 Bg5 39. Rxb5
Rc8 40. Nc5 Bf4 41. h3 Rd8 42. Rb4 f6 43. Ne6+  1-0

[Event "11. OSEM SH 2017"]
[Site "Büsum"]
[Date "2017.09.16"]
[Round "9.57"]
[White "Borries, Barbara"]
[Black "Klügel, Jan"]
[Result "1/2-1/2"]
[BlackElo "1884"]
[BlackTeam "SV Rendsburg"]
[WhiteElo "1790"]
[WhiteTeam "SC Taufkirchen"]

1. e4 c6 2. d4 d5 3. e5 Bf5 4. Bd3 Bxd3 5. Qxd3 e6 6. Ne2 Nd7 7. O-O  Ne7 8.
Bg5 Qb6 9. Nbc3 h6 10. Bxe7 Bxe7 11. a4 c5 12. a5 Qc6 13. Qg3 g6 14. Kh1 a6 15.
f4 cxd4 16. Nxd4 Qc7 17. Nxe6 Qc4 18. b3 Qc6 19. Nd4 Qc5 20. Qd3 Rc8 21. Nce2
O-O  22. c3 g5 23. Ne6  1/2-1/2

[Event "11. OSEM SH 2017"]
[Site "Büsum"]
[Date "2017.09.16"]
[Round "9.60"]
[White "Wölfert, Jürgen"]
[Black "Möller, Bernd"]
[Result "1-0"]
[BlackElo "1717"]
[BlackTeam "SV Bad Schwartau"]
[WhiteElo "1860"]
[WhiteTeam "BSC Rehberge"]

1. e4 e5 2. Nf3 d6 3. Bc4 Be7 4. Nc3 Nf6 5. O-O  O-O  6. h3 h6 7. d4
exd4 8. Nxd4 Nc6 9. Be3 Bd7 10. f4 Nxd4 11. Bxd4 c5 12. Be3 Qc7 13. Qf3 Bc6 14.
Rad1 a6 15. a4 Rab8 16. Rfe1 Rfe8 17. Bc1 Bf8 18. f5 b5 19. axb5 axb5 20. Nd5
Nxd5 21. Bxd5 Bxd5 22. Rxd5 Kh7 23. Bf4 Rbd8 24. b3 Qb6 25. Kh2 c4 26. Be3 Qc6
27. Bd2 cxb3 28. Qxb3 Qc4 29. Rxb5 Rxe4 30. Qd3 Qxd3 31. cxd3 Rd4 32. Re3 Rc8
33. Rb7 Kg8 34. Rg3 Rh4 35. Be1 Rf4 36. Rb5 Rc5 37. Rb8 Rcxf5 38. Bb4 Rd5 39.
Re3 Rxb4 40. Rxb4 Re5 41. Rbe4 g6 42. g4 Kg7 43. Kg2 Rxe4 44. dxe4 Kf6 45. Kf3
g5 46. Rd3 Ke6 47. Rd5 Bg7 48. Ke3 Be5 49. Kd3 Kd7 50. Kc4 Bf6 51. Kb5 Be5 52.
Kb6 Bf6 53. Kb7 Be5 54. Ra5 Bf6 55. Rf5 Ke6 56. Kc6 Be5 57. h4 gxh4 58. Rh5 Bf4
59. Rxh4 f6 60. Rh5 Bg5 61. Rh2 Ke5 62. Re2 Bf4 63. Kb5 Kd4 64. Kc6 Kd3 65. Re1
Kd2 66. Rf1 Ke3 67. Kd5 Be5 68. Rf5 Kd3 69. Rh5 Bf4 70. Rh3+ Be3 71. Rf3  1-0

[Event "11. OSEM SH 2017"]
[Site "Büsum"]
[Date "2017.09.16"]
[Round "9.61"]
[White "Eschweiler, Gottfried"]
[Black "Alvarez, Luis"]
[Result "1/2-1/2"]
[BlackElo "1849"]
[BlackTeam "Zug um Zug Everswinkel"]
[WhiteElo "1766"]
[WhiteTeam "Pulheimer SC"]

1. Nf3 c5 2. e4 g6 3. g3 Bg7 4. Bg2 Nc6 5. O-O  d6 6. d3 Bd7 7. Nbd2 Nf6 8.
c3 O-O  9. a4 a5 10. Re1 Rb8 11. d4 cxd4 12. Nxd4 Nxd4 13. cxd4 Qc8 14. Nf3
Bg4 15. Bd2 b6 16. Bc3 Rd8 17. Qb3 Be6 18. d5 Bg4 19. Nd4 Bd7 20. Rac1 Qb7 21.
Nc6 Bxc6 22. dxc6 Qc7 23. e5 Ng4 24. exd6 Rxd6 25. Bxg7 Kxg7  1/2-1/2

[Event "11. OSEM SH 2017"]
[Site "Büsum"]
[Date "2017.09.16"]
[Round "9.62"]
[White "Mewes, Hans-Dieter"]
[Black "Johnen, Franz"]
[Result "0-1"]
[BlackElo "1713"]
[BlackTeam "SVG Alsdorf"]
[WhiteElo "1845"]
[WhiteTeam "VHS Heide"]

1. c4 e6 2. g3 Nf6 3. Bg2 Be7 4. Nf3 O-O  5. O-O  c5 6. d3 Nc6 7. b3 Qc7
8. Bb2 b6 9. d4 cxd4 10. Nxd4 Bb7 11. Nb5 Qb8 12. Ba3 Bxa3 13. N1xa3 a6 14. Nd6
Na5 15. Nxb7 Nxb7 16. Qd4 Qc7 17. Rad1 Rad8 18. Qb2 Nc5 19. f3 e5 20. b4 Ne6
21. e3 d5 22. Qb3 d4 23. Rfe1 dxe3 24. Qxe3 Rxd1 25. Rxd1 Rd8 26. Rd2 Rd4 27.
Bf1 Rd6 28. Rd4 Nxd4 29. Qc3 e4 30. fxe4 Nxe4 31. Qe3 f5 32. c5 bxc5 ( 32...
Rd7)33. bxc5 Qxc5 34. Bxa6 Qc3 35. Nc4 Qa1+ 36. Kg2 Qxa2+ 37. Kh3 Ne6  0-1